logo

Bir Sreshtho Munshi Abdur Rouf Library
Jhenaidah Cadet College

The age of Napoleon : (Record no. 9827)

MARC details
000 -LEADER
fixed length control field 01121cam a2200325 i 4500
001 - CONTROL NUMBER
JCCL Control Number 9827
003 - CONTROL NUMBER IDENTIFIER
JCCL marc code BD-JhCC
005 - DATE AND TIME OF LATEST TRANSACTION
control field 20180402083148.0
008 - FIXED-LENGTH DATA ELEMENTS--GENERAL INFORMATION
fixed length control field 180401s1975 nyuaf b 001 0beng
020 ## - INTERNATIONAL STANDARD BOOK NUMBER
International Standard Book Number 067121988X (pt. 11)
035 ## - SYSTEM CONTROL NUMBER
system control number (BD-JhCC)9827
040 ## - CATALOGING SOURCE
Original cataloging agency DLC
Transcribing agency DLC
Modifying agency DLC
-- BD-JhCC
041 ## - LANGUAGE CODE
Language code of Book eng
050 00 - LIBRARY OF CONGRESS CALL NUMBER
Classification number CB53
Item number .D85 pt. 11
Classification number CB411
082 00 - DEWEY DECIMAL CLASSIFICATION NUMBER
Classification number 940.2/7
Author mark and Year DUR 1975
100 1# - MAIN ENTRY--PERSONAL NAME
Personal name Durant, Will,
Dates associated with a name 1885-1981.
245 14 - TITLE STATEMENT
Title The age of Napoleon :
Remainder of title a history of European civilization from 1789 to 1815 /
Statement of responsibility, etc by Will and Ariel Durant.
260 ## - PUBLICATION, DISTRIBUTION, ETC. (IMPRINT)
Place of publication, distribution, etc New York :
Name of publisher, distributor, etc Simon and Schuster,
Date of publication, distribution, etc 1975.
300 ## - PHYSICAL DESCRIPTION
Pagination xxi, 872 p., [32] leaves of plates :
Other physical details ill. ;
Dimensions 25 cm.
490 0# - SERIES STATEMENT
Series statement His The story of civilization ; pt. 11
500 ## - GENERAL NOTE
General note Includes index.
504 ## - BIBLIOGRAPHY, ETC. NOTE
Bibliography, etc Bibliography: p. 781-789.
600 00 - SUBJECT ADDED ENTRY--PERSONAL NAME
Personal name Napoleon
Titles and other words associated with a name Emperor of the French,
Dates associated with a name 1769-1821
General subdivision Relations with Europeans.
651 #0 - SUBJECT ADDED ENTRY--GEOGRAPHIC NAME
Geographic name Europe
General subdivision Civilization.
651 #0 - SUBJECT ADDED ENTRY--GEOGRAPHIC NAME
Geographic name Europe
General subdivision History
Chronological subdivision 1789-1815.
700 1# - ADDED ENTRY--PERSONAL NAME
Personal name Durant, Ariel,
710 2# - ADDED ENTRY--CORPORATE NAME
Corporate name or jurisdiction name as entry element Rouben Mamoulian Collection (Library of Congress)
Institution to which field applies DLC
942 ## - ADDED ENTRY ELEMENTS (KOHA)
Source of classification or shelving scheme Dewey Decimal Classification
Koha item type Reference
Holdings
Source of classification or shelving scheme Damaged status Not for loan Home library Current library Shelving location Date of accession Total Checkouts Full call number Barcode Date last seen Copy number Koha item type
Dewey Decimal Classification     JCC Rouf Library JCC Rouf Library General Stacks 04/01/2018   940.27 DUR 1975 13291 04/01/2018 C-1 Reference

JCC Library | Contacts | JCC Home

Last Update on 23 September 2017
Copyright @ 2017-2020 JCC Rouf Library
Rouf Library, Jhenidah Cadet College (JCC), Bangladesh